| 000 | 00333nam a22001337a 4500 | ||
|---|---|---|---|
| 003 | SGT | ||
| 020 | _a9788171327966 | ||
| 082 | _a371.9,GOE | ||
| 100 | _aGOEL, SUSHIL KUMAR | ||
| 245 | _aCREATIVITY ENVIRONMENT DEPRIVATION AND EXCEPTIONAL CHILDREN | ||
| 260 |
_aJAIPUR _bPOINTER PUBLISHARS _c2015 |
||
| 300 | _a240 | ||
| 942 |
_2ddc _cBK |
||
| 999 |
_c33485 _d33485 |
||